000 00568nam a22001817a 4500
005 20240126143244.0
008 240126b |||||||| |||| 00| 0 eng d
020 _a0409004480 ; 0409004561
041 _aEnglish
082 _a349 JOU
100 _aJoubert, WA
_lEnglish
245 _aThe Law of South Africa : Criminal Law /
_cWA Joubert
250 _aFirst Reissue
260 _aDurban :
_bButterworth Publishers (Pty) Ltd,
_c1996
300 _bvii, 617 pages ;
_c26 cm.
650 _aLegal practice
_bLaw
942 _cBK
_6ALISON_BN_VRIES
999 _c1289
_d1289